Návrh optimalizácie montáže hydraulickej násypky vo firme HF NaJUS, a.s.

Gespeichert in:
Bibliographische Detailangaben
1. Verfasser: Kollár, Michal, 1991- (Verfasst von)
Weitere Verfasser: Václav, Štefan, 1976- (Betreuung Doktorarbeit)
Format: Manuskript Buch
Sprache:Slowakisch
Veröffentlicht: 2015
Schlagworte:
Online-Zugang:http://is.stuba.sk/zp/portal_zp.pl?podrobnosti=118985
Tags: Tag hinzufügen
Keine Tags, Fügen Sie das erste Tag hinzu!

MARC

LEADER 00000ntm a22000003a 4500
001 stuzp50213
003 SK-STU
005 20160719153506.3
007 ta
008 150427s2015----xo-----f-mn---000-0-slo-d
040 |a STU  |b slo 
041 0 |a slo 
100 1 |a Kollár, Michal,  |d 1991-  |u 063000  |4 aut  |U MTF Materiálovotechnologická fakulta  |T MTF Ústav výrobných technológií  |X 6796  |U M3000  |Y 83  |7 A000006796 
242 0 1 |a Proposal of optimization of hydraulic hopper assembly in the company HF NaJUS, a.s.  |y eng 
245 1 0 |a Návrh optimalizácie montáže hydraulickej násypky vo firme HF NaJUS, a.s. 
260 |c 2015 
650 4 |a návrh  |2 slo 
650 4 |a optimalizácia  |2 slo 
650 4 |a hydraulická násypka  |2 slo 
650 4 |a montáž  |2 slo 
650 4 |a hydraulic hopper  |2 eng 
650 4 |a assembly  |2 eng 
650 4 |a proposal  |2 eng 
650 4 |a optimization  |2 eng 
700 1 |a Václav, Štefan,  |d 1976-  |4 ths  |X 2778  |7 A000002778 
856 4 |u http://is.stuba.sk/zp/portal_zp.pl?podrobnosti=118985 
996 |c M* DP-12381  |l MMSKP  |s P  |a 0  |w stuzp50213_0001 
SQL |a stuzp50213  |b DDP  |c SLO  |d Návrh optimalizácie montáže hydraulickej násypky vo firme HF NaJUS, a.s.  |e 6796  |f Kollár, Michal  |g 063000  |h 2778  |i Václav, Štefan  |j 20150603  |k 187  |l 06  |m http://is.stuba.sk/zp/portal_zp.pl?podrobnosti=118985  |n I-PPN  |o 5.2.51. výrobné technológie